Análisis y diseño de piezas con CATIA V5 / (Registro nro. 22478)

Detalles MARC
000 -LEADER
fixed length control field 02234nam a22002177a 4500
003 - CONTROL NUMBER IDENTIFIER
control field DO-CoUTE
005 - DATE AND TIME OF LATEST TRANSACTION
control field 20230327113935.0
008 - FIXED-LENGTH DATA ELEMENTS--GENERAL INFORMATION
fixed length control field 230327b dr ||||| |||| 00| 0 spa d
020 ## - INTERNATIONAL STANDARD BOOK NUMBER
International Standard Book Number 978-607-707-372-7
040 ## - CATALOGING SOURCE
Original cataloging agency DO-CoUTE
Language of cataloging spa
Transcribing agency DO-CoUTE
082 ## - DEWEY DECIMAL CLASSIFICATION NUMBER
Edition number 22
Classification number 621.815 V335a 2013
100 1# - MAIN ENTRY--PERSONAL NAME
Personal name Vásquez Angulo, José Antonio
Relator term autor
245 10 - TITLE STATEMENT
Title Análisis y diseño de piezas con CATIA V5 /
Statement of responsibility, etc. José Antonio Vásquez Angulo
250 ## - EDITION STATEMENT
Edition statement segunda edición
260 ## - PUBLICATION, DISTRIBUTION, ETC.
Place of publication, distribution, etc. México, DF. :
Name of publisher, distributor, etc. Alfaomega Grupo Editor,
Date of publication, distribution, etc. 2013
300 ## - PHYSICAL DESCRIPTION
Extent 271 páginas :
Other physical details Ilustraciones ;
Dimensions 28cm.
504 ## - BIBLIOGRAPHY, ETC. NOTE
Bibliography, etc. note Incluye referencia bibliográfica e índice
520 ## - SUMMARY, ETC.
Summary, etc. Cuando hemos dibujado una pieza empleando los módulos Part Design, Wireframe & Surface Design y Assembly Design, con el programa CATIA V5 (Computer Aided Three-Dimensional Interactive), no sabemos con certeza qué va a ocurrir con nuestro modelo inicial de diseño. Nos preguntamos si este modelo previo cumplirá con las especificaciones técnicas requeridas para el uso que nos hemos planteado. Una vez maquinada la pieza, ¿resistirá la acción de las cargas aplicadas y condiciones de trabajo a las que se estará sometida cuando la usemos? Éstas y muchas otras inquietudes nos surgen en el momento de ver terminado nuestro diseño gráfico en 3D. El objetivo de este libro es proporcionar a todos los diseñadores que trabajan con CATIA V5 la posibilidad de analizar, simular y calcular piezas de maquinaria en general GPS Generative Part Structural Analysis y grupo de piezas (montajes) GAS Generative Assembly Structural Analysis, empleando el método de elementos finitos MEF o FEM (Finite Element Method), como se le conoce en inglés. El FEM se ha convertido en el método estándar más usado actualmente para la simulación numérica. CATIA V5 es uno de los mejores programas de diseño gráfico en 3D (CAD/CAM/CAE) y uno de los principales en el análisis en CAX-System. Este programa proporciona al diseñador de máquinas un ambiente de trabajo y una serie de tareas prácticas de cálculo que le permiten incursionar en las diversas plataformas de diseño de manera rápida y eficiente.
650 #4 - SUBJECT ADDED ENTRY--TOPICAL TERM
Topical term or geographic name entry element Maquinaria -- Piezas -- Diseño
942 ## - ADDED ENTRY ELEMENTS (KOHA)
Source of classification or shelving scheme Dewey Decimal Classification
Koha item type Libros
Existencias
Withdrawn status Lost status Source of classification or shelving scheme Damaged status Not for loan Collection code Home library Current library Shelving location Date acquired Inventory number Total Checkouts Full call number Barcode Date last seen Copy number Price effective from Koha item type Date last checked out
    Dewey Decimal Classification     Colección General Biblioteca UTECO Biblioteca UTECO En Estantería 03/27/2023 021952   621.815 V335a 2013 021952 03/27/2023 Ej.1 03/27/2023 Libros  
    Dewey Decimal Classification     Colección General Biblioteca UTECO Biblioteca UTECO En Estantería 03/27/2023 021953 2 621.815 V335a 2013 021953 07/28/2023 Ej.2 03/27/2023 Libros 07/28/2023
© 2021 Derechos Reservados UTECO - Teléfono: +1 809-585-2291 - Correo electrónico: biblioteca@uteco.edu.do​  
Código postal 43000 ​​
Dirección: Avenida Universitaria No. 100, 
Cotuí, Provincia Sánchez Ramírez, República Dominicana - RNC: 404-00059-6